000 00256nam a2200097Ia 4500
001 684536
005 20250826161459.0
008 250824s9999 xx 000 0 und d
245 0 _aBütün Şiirleri / Ahmet Haşim
_cAhmet Haşim
260 _bDergah Yayınları
999 _c684536
_d684536